01230nam a2200301 i 4500003000900000005001700009007000300026008004100029020001500070040003000085082002200115100003700137245011200174264011300286300002700399336002700426337003400453338002800487590002700515650003800542650004000580650003300620700004300653910001400696942001400710952018700724999001700911DO-SdBNP20240305073656.0ta110413s2003 dr 000 0 spa d a9993492418 aDO-SdBNPbspacBNPHUerda a370.11bA185j2221 aAcosta García, Jorge A.91271910aJusto para ti: bun libro de reflexiones para aprender /cJorge A. Acosta García, Amiris S. Lombert Matos 1aSanto Domingo :bImpresos y Diseños El Remanente,bSecretaría de Estado de Relaciones Exteriores,c2003. a139 páginas c21 cm. 2rdacontentatextobtxt 2rdamediaasin mediación bn 2rdacarrieravolumenbnc aInventariado, 2023/ YL 4aReflexión xFilosofía 983873 4aPsicología del aprendizaje 92721 4aValoresxFilosofía 9838741 aSilié, Rubén,d1946-eAutor 91421 aYLockward 2ddccLBS1 00102ddc51708PDaBNPHUbBNPHUcHDd2014-12-02eBarbara Suncarl0o370.11 A185jp2023-5185r2023-08-04w2023-08-04yLBS1zPerteneció a la biblioteca personal de Bárbara Suncar c54318d54318